Statistics for Best NBA player from each country (All time)

Click here to take the quiz!

General Stats

  • This quiz has been taken 34 times
  • The average score is 17 of 21

Answer Stats

PlayerCountry% Correct
Yao MingChina
100%
Dirk NowitzkiGermany
97%
Giannis AntetokounmpoGreece
97%
Nikola JokicSerbia
97%
Pau GasolSpain
97%
Luka DoncicSlovenia
94%
Rudy GobertFrance
91%
Rui HachimuraJapan
91%
Shai Gilgeous - AlexanderCanada
88%
Hakeem OlujawonNigeria
88%
Manu GinobiliArgentina
84%
NeneBrazil
84%
Kristaps PorzingisLatvia
81%
Joel EmbiidCameroon
75%
Enes KanterTurkey
75%
De'Andre AytonBahamas
63%
Dikembe MutumboCongo
63%
Karl Anthony - TownsDominican Republic
63%
Paulo BancheroItaly
63%
Gorgui DiengSenegal
53%
Domantas SabonisLituania
22%

Score Distribution

Percentile by Number Answered

Percent of People with Each Score

Your Score History

You have not taken this quiz